MARC details
| 000 -LEADER |
| fixed length control field |
01912cam a2200397Ii 4500 |
| 001 - CONTROL NUMBER |
| control field |
995054432 |
| 003 - CONTROL NUMBER IDENTIFIER |
| control field |
OCoLC |
| 005 - DATE AND TIME OF LATEST TRANSACTION |
| control field |
20180727215316.0 |
| 008 - FIXED-LENGTH DATA ELEMENTS--GENERAL INFORMATION |
| fixed length control field |
170726t20172017inua j 000 p spa d |
| 020 ## - INTERNATIONAL STANDARD BOOK NUMBER |
| International Standard Book Number |
9781480842410 |
| Qualifying information |
(softback) |
| 020 ## - INTERNATIONAL STANDARD BOOK NUMBER |
| International Standard Book Number |
1480842419 |
| Qualifying information |
(softback) |
| 024 8# - OTHER STANDARD IDENTIFIER |
| Standard number or code |
532921LV0041B/2089/P |
| 040 ## - CATALOGING SOURCE |
| Original cataloging agency |
YOL |
| Language of cataloging |
eng |
| Description conventions |
rda |
| Transcribing agency |
YOL |
| Modifying agency |
YOL |
| 041 0# - LANGUAGE CODE |
| Language code of text/sound track or separate title |
eng |
| -- |
spa |
| 043 ## - GEOGRAPHIC AREA CODE |
| Geographic area code |
n-us--- |
| 092 ## - LOCALLY ASSIGNED DEWEY CALL NUMBER (OCLC) |
| Classification number |
SP J861.008 CHA |
| 100 1# - MAIN ENTRY--PERSONAL NAME |
| Personal name |
Chavez, Jose, |
| Relator term |
author. |
| 245 10 - TITLE STATEMENT |
| Title |
Estrellitas y nopales = |
| Remainder of title |
Little stars and cactus : (a bilingual poetry book for children) / |
| Statement of responsibility, etc. |
Jose Chavez ; illustrated by Aydee Lopez Martinez. |
| 246 31 - VARYING FORM OF TITLE |
| Title proper/short title |
Little stars and cactus. |
| 260 ## - PUBLICATION, DISTRIBUTION, ETC. (IMPRINT) |
| Place of publication, distribution, etc. |
Bloomington, IN : |
| Name of publisher, distributor, etc. |
Archway Publishing, |
| Date of publication, distribution, etc. |
c2017. |
| 264 #1 - PRODUCTION, PUBLICATION, DISTRIBUTION, MANUFACTURE, AND COPYRIGHT NOTICE |
| Place of production, publication, distribution, manufacture |
Bloomington, IN : |
| Name of producer, publisher, distributor, manufacturer |
Archway Publishing, |
| Date of production, publication, distribution, manufacture, or copyright notice |
[2017] |
| 264 #4 - PRODUCTION, PUBLICATION, DISTRIBUTION, MANUFACTURE, AND COPYRIGHT NOTICE |
| Date of production, publication, distribution, manufacture, or copyright notice |
c2017. |
| 300 ## - PHYSICAL DESCRIPTION |
| Extent |
29 pages : |
| Other physical details |
color illustrations ; |
| Dimensions |
29 cm. |
| 336 ## - CONTENT TYPE |
| Content type term |
text |
| Content type code |
txt |
| Source |
rdacontent. |
| 337 ## - MEDIA TYPE |
| Media type term |
unmediated |
| Media type code |
n |
| Source |
rdamedia. |
| 338 ## - CARRIER TYPE |
| Carrier type term |
volume |
| Carrier type code |
nc |
| Source |
rdacarrier. |
| 505 0# - FORMATTED CONTENTS NOTE |
| Formatted contents note |
Buenas noches, estrellitas = Good night little stars -- Gorriones = Sparrows -- Nopalitos frescos = Fresh nopales -- Las estrellas de dia = Stars by day -- La cancion del mar = The song of the ocean -- Como comprar bananas = How to buy bananas -- Tacos al carbon = Tacos at carbon -- Naranjas = Oranges -- Una carta a Saturno = A letter to Saturn -- Cohete = Rocket -- Soy pintor = I'm a painter -- Amigo del cochinito = Friends with a pig -- Gata angaripola = Calico cat -- Guisado de chile verde = Chile verde stew. |
| 546 ## - LANGUAGE NOTE |
| Language note |
English and Spanish. |
| 650 #0 - SUBJECT ADDED ENTRY--TOPICAL TERM |
| Topical term or geographic name as entry element |
Children's poetry, American |
| Chronological subdivision |
21st century. |
| 650 #7 - SUBJECT ADDED ENTRY--TOPICAL TERM |
| Topical term or geographic name as entry element |
Poesia infantil |
| Geographic subdivision |
Estados Unidos |
| Chronological subdivision |
Siglo XXI. |
| Source of heading or term |
slem. |
| 650 #7 - SUBJECT ADDED ENTRY--TOPICAL TERM |
| Topical term or geographic name as entry element |
Poesia espanola |
| Geographic subdivision |
Estados Unidos |
| Chronological subdivision |
Siglo XXI. |
| Source of heading or term |
slem. |
| 650 #0 - SUBJECT ADDED ENTRY--TOPICAL TERM |
| Topical term or geographic name as entry element |
Spanish language materials |
| Form subdivision |
Juvenile poetry. |
| 655 #7 - INDEX TERM--GENRE/FORM |
| Genre/form data or focus term |
Poetry. |
| Source of term |
lcgft. |
| 700 1# - ADDED ENTRY--PERSONAL NAME |
| Personal name |
Lopez Martinez, Aydee, |
| Relator term |
illustrator. |
| 942 ## - ADDED ENTRY ELEMENTS (KOHA) |
| Koha item type |
Libro/Book |